Anuario estadístico y geográfico de Baja California Sur : (Record no. 172034)
[ view plain ]
| 000 -CABECERA | |
|---|---|
| campo de control de longitud fija | 00656nam a2200193 a 4500 |
| 005 - FECHA Y HORA DE LA ÚLTIMA TRANSACCIÓN | |
| campo de control | 20210223132458.0 |
| 008 - ELEMENTOS DE LONGITUD FIJA--INFORMACIÓN GENERAL | |
| campo de control de longitud fija | 141003s2013 mx r 000 0 spa d |
| 020 ## - NÚMERO INTERNACIONAL NORMALIZADO PARA LIBROS | |
| Número Internacional Estándar del Libro | 9786074948813 |
| 035 ## - NÚMERO DE CONTROL DEL SISTEMA | |
| Número de control de sistema | UPN01000199933 |
| 049 ## - COLECCIÓN | |
| Colección | CD |
| 050 #4 - SIGNATURA TOPOGRÁFICA DE LA BIBLIOTECA DEL CONGRESO | |
| Número de clasificación | HA767 B8 |
| Número de documento/Ítem | A5 2013 |
| 110 2# - ASIENTO PRINCIPAL--NOMBRE CORPORATIVO | |
| Nombre de entidad corporativa o nombre de jurisdicción como elemento de entrada | Instituto Nacional de Estadística y Geografía (México) |
| 9 (RLIN) | 31996 |
| 245 10 - MENCIÓN DE TÍTULO | |
| Título | Anuario estadístico y geográfico de Baja California Sur : |
| Resto del título | 2013 / |
| Mención de responsabilidad, etc. | Instituto Nacional de Estadística y Geografía. |
| 260 ## - PUBLICACIÓN, DISTRIBUCIÓN, ETC. | |
| Lugar de publicación, distribución, etc. | México : |
| Nombre del editor, distribuidor, etc. | INEGI, |
| Fecha de publicación, distribución, etc. | c2013. |
| 300 ## - DESCRIPCIÓN FÍSICA | |
| Extensión | 1 CD-ROM ; |
| Dimensiones | 4 3/4 plg. |
| 651 #4 - ASIENTO SECUNDARIO DE MATERIA - NOMBRE GEOGRAFICO | |
| Nombre geográfico | BAJA CALIFORNIA SUR - |
| Subdivisión de forma | CENSOS |
| 9 (RLIN) | 2640 |
| 905 ## - TIPO DE MATERIAL | |
| Tipo de material | Electrónico |
| Estado de retiro | Estado de pérdida | Fuente del sistema de clasificación o colocación | Estado dañado | No para préstamo | Código de colección | Localización permanente | Ubicación/localización actual | Ubicación en estantería | Total de préstamos | Clasificación | Código de barras | Fecha visto por última vez | Número de copia | Tipo de ítem Koha |
|---|---|---|---|---|---|---|---|---|---|---|---|---|---|---|
| Library of Congress Classification | Discos compactos | Bib. Gregorio Torres Quintero | Bib. Gregorio Torres Quintero | Disco Compacto | HA767 B8 A5 2013 | 300205 | 31/12/2020 | 1 | Formato Digital |
